|
|
|
|
| LEADER |
01075nam a2200241 a 4500 |
| 001 |
GR-MES2956 |
| 008 |
991111s1985 gr 000 0 gre d |
| 040 |
|
|
|a GrPaTEI
|b gre
|c GR-PaULI
|
| 245 |
0 |
2 |
|a Η συνταγματική κατοχύρωση της προστασίας του περιβάλλοντος.
|
| 260 |
|
|
|a Αθήνα :
|b ΑΝΤ.Ν.Σάκκουλα,
|c 1985
|
| 300 |
|
|
|a 193σελ.
|
| 500 |
|
|
|a Περιέχει ελληνική και ξενόγλωσση βιβλιογραφία
|
| 650 |
|
4 |
|a ΔΗΜΟΣΙΟ ΔΙΚΑΙΟ
|
| 650 |
|
4 |
|a Δίκαιο
|
| 650 |
|
4 |
|a Περιβάλλον
|
| 650 |
|
4 |
|a ΠΡΟΣΤΑΣΙΑ ΤΟΥ ΠΕΡΙΒΑΛΛΟΝΤΟΣ
|
| 650 |
|
4 |
|a ΣΥΝΤΑΓΜΑ
|
| 700 |
1 |
|
|a Σιούτη, Γλυκερία Π.,
|d 1954-
|
| 710 |
0 |
|
|a ΑΝΤ.Ν.Σάκκουλα
|
| 942 |
|
|
|2 ddc
|
| 971 |
|
|
|a .b25740015
|b 21-05-20
|c 13-09-16
|
| 999 |
|
|
|c 153976
|d 153976
|
| 952 |
|
|
|0 0
|1 0
|2 ddc
|4 0
|6 344_046000000000000_ΣΙΟ
|7 0
|9 267457
|a MSLG
|b MSLG
|c BSC
|d 2021-01-17
|e 24
|f 0
|g 0.00
|l 0
|o 344.046 ΣΙΟ
|p 2420000013739
|r 2021-01-17
|t 1
|w 2021-01-17
|y BK15
|x 19991111 0 1
|x GrPaTEI
|